Statystyki dla Państwa na litere P

Kliknij tutaj aby rozwiązać quiz!

Ogólne statystyki

  • Ten quiz został rozwiązany 523 razy
  • Średni wynik to 5 z 9

Statystyki odpowiedzi

Państwo% Poprawnych
1Polska
97%
2Portugalia
91%
6Peru
79%
3Pakistan
73%
8Panama
69%
5Paragwaj
66%
4Papua-Nowa Gwinea
44%
9Puerto Rico
13%
7Polau
10%

Rozkład punktacji

Percentyl według liczby udzielonych odpowiedzi

Procent ludzi z każdym wynikiem

Twoja historia wyników

Nie rozwiązałeś tego quizu